000 00452nam a22001697a 4500
005 20260112101037.0
008 260112b |||||||| |||| 00| 0 eng d
020 _a978-93-86261-63-0
100 _aCHANDER, JAGDISH
245 _aTEXTBOOK OF MEDICAL MYCOLOGY
250 _a4TH ED
260 _aNEW DELHI
_bJAYPEE BROTHERS
_c2018
300 _aXIX, 936P.
500 _aINCLUDES INDEX
650 _a1. MEDICAL MYCOLOGY 2. MYCOSES
942 _2lcc
_cBK
999 _c216447
_d216447